Online Catalogue and eLibrary

Gini diyani : (Record no. 5194)

MARC details
000 -LEADER
fixed length control field 00440nam a2200157Ia 4500
005 - DATE AND TIME OF LATEST TRANSACTION
control field 20250305000017.0
008 - FIXED-LENGTH DATA ELEMENTS--GENERAL INFORMATION
fixed length control field 240331s9999 xx 000 0 und d
020 ## - INTERNATIONAL STANDARD BOOK NUMBER
ISBN 9789551822309
082 ## - DDC Classification
Item Number - Author Mark JAY
Class No. 891
100 ## - MAIN ENTRY--PERSONAL NAME
Personal name Jayakody,D
245 #0 - TITLE STATEMENT
Title Gini diyani :
Remainder of title burned alive
260 ## - PUBLICATION, DISTRIBUTION, ETC.
Place of publication, distribution, etc. Colombo
Name of publisher, distributor, etc. Past Print free (Pvt) Ltd
Date of publication, distribution, etc. 2008
300 ## - PHYSICAL DESCRIPTION
Extent (e.g. Volumes, Pages etc.) 257 p .,
500 ## - GENERAL NOTE
General note True story of a 17 year old Palestine girl being burned alive.
942 ## - Koha item type (Biblio)
Koha item type Books in Stacks (Lending)
Holdings
Lost status Damaged status Collection code Home library Current library Shelving location Date acquired Full call number Accession Number Item type
    Lending WERC Library WERC Library Social Science Cupboard 03/31/2024 891.08 JAY 6320 Books in Stacks (Lending)

© WERC Library